000 01047nam a2200241Ia 4500
999 _c49409
_d49409
001 16329
003 GE_BSU
005 20210601170959.0
008 181216s2012||||ge |||||||||||||| ||geo||
020 _a9789941042386
040 _cGE_BSU
041 _ageo
080 _a341.940 ბ-88
100 _aბოძაშვილი, ლევან
_94934
245 _aკიბერსივრცის სამართალი :
_bსახელმძღვ. /
_cლევან ბოძაშვილი, ნიკოლოზ კოხრეიძე ; პ/მგ. გამოც-ზე ზ. რუხაძე.
264 _aთბილისი :
_bბონა კაუზა,
_c2012.
300 _a272 გვ. ;
_c20 სმ.
490 _aიურისტის ბიბლიოთეკა
653 _aკიბერსივრცის სამართალი
653 _aსამართალი
700 _aკოხრეიძე, ნიკოლოზ
_eავტორი
_911927
942 _cBK
_2udc